El antiguo Egipto

Saved in:
Bibliografiske detaljer
Hovedforfatter: Ross, Stewart (Author)
Format: Bog
Sprog:spansk
Udgivet: Barcelona Molino 2004
Serier:Historias del más allá
Fag:
Tags: Tilføj Tag
Ingen Tags, Vær først til at tagge denne postø!

MARC

LEADER 00000nam a2200000 a 4500
001 UCG2238
003 CL-VaPUC
008 100624e20041000SP |||||||||||||||||spa|d
020 |a 8427227213 
082 0 4 |a 909  |b ROS  |2 21 
100 0 |a Ross, Stewart  |e author  |9 550647 
245 1 3 |a El antiguo Egipto 
300 |a 31 p 
942 |c BK 
945 |d 20100624 00:00:00  |a dcastane 
260 |a Barcelona  |b Molino  |c 2004 
650 0 |a Historia universal  |9 266877 
650 7 |a HISTORIA EGIPCIA  |2 CL-VaPUC  |9 549414 
583 |a last modification  |c 20100624 00:00:00  |k Rodrigo Vera 
490 0 |a Historias del más allá 
999 |c 341466  |d 341464 
952 |0 0  |1 0  |4 0  |6 909_000000000000000_ROS_2004  |7 0  |8 C  |9 436980  |a BIBCUR  |b BIBCUR  |d 2019-11-22  |i 4668677  |l 2  |o 909 ROS 2004  |p 4668677  |r 2025-04-22  |s 2024-12-09  |w 2019-11-22  |y BK  |k EXP